000 01232nab a2200241 i 4500
001 768714001
003 CO-MdFUSB
005 20240708122146.0
008 240708t1997 sz ||||| |||| 00| 0 eng d
040 _bspa
_cCO-MdFUSB
_dCO-MdFUSB
041 _aeng
100 _aSong, Choan-Seng,
_eautor
245 1 _aSermon, closing worship :
_bthe spirit blows where it chooses
_c/ Choan-Seng Song
520 _aJuan evangelista, autor del evangelio que lleva su nombre, parece mostrar especial interés por la 'noche'. Al final de su relato de la Última Cena, cuando Judas se fue, Juan insistió en decir: "y era de noche" (Jn 13,30). Su intención era mantenernos en suspenso durante la mañana de Pascua, cuando iba a estallar el amanecer de una nueva era con el Señor resucitado de entre los muertos.
546 _aTexto en inglés.
630 0 7 _aBiblia.
_pJuan
650 7 _aHermenéutica bíblica
_97333
650 7 _aCristología
_9239
650 7 _aTeología pastoral y unidad cristiana
_97183
773 0 _049396
_959530
_dGinebra
_oR1147
_tReformed World
_w(CO-MdFUSB)38
_x0034-3056
_gVolumen 47, (número 3 & 4, 1997) páginas: 233 - 235
_qpágina: 233
942 _cANA
945 _aCatherine Arias Álvarez - Practicante SENA
999 _c70451
_d70451